Memoria descriptiva correspondiente al período y cursos de 1939 a 1947 presentada en la solemne fiesta académica del curso 1947-48 / Escuela Industrial y de Ingenieros de Industrias Textiles de Tarrasa
Descripción Física:
49 p. : il. b/n ; 24 cm
Materias:
Escola Industrial de Terrassa
MARC
| LEADER | 00000nam a2200000Ia 4500 | ||
|---|---|---|---|
| 001 | 16431 | ||
| 003 | BGR | ||
| 005 | 20260324175947.0 | ||
| 008 | 160829s9999 xx 000 0 cat d | ||
| 080 | |a FU-43-27 | ||
| 110 | 1 | |a Escola Industrial de Terrassa |9 70801 | |
| 245 | |a Memoria descriptiva correspondiente al período y cursos de 1939 a 1947 presentada en la solemne fiesta académica del curso 1947-48 / Escuela Industrial y de Ingenieros de Industrias Textiles de Tarrasa | ||
| 260 | |a Tarrasa : |b Gráficos Minerva, [1947?] | ||
| 300 | |a 49 p. : |b il. b/n ; |c 24 cm | ||
| 590 | |a Prové de Q-229, exp. 14 | ||
| 610 | 1 | 0 | |a Escola Industrial de Terrassa |9 70801 |
| 901 | |a Arxiu | ||
| 942 | |n 1 |2 udc |c MON | ||
| 952 | |0 0 |1 0 |4 0 |6 FU4327 |7 1 |9 50899 |a Arxiu |b Arxiu |d 2016-12-01 |l 0 |o FU-43-27 |p 16431 |r 2016-12-01 00:00:00 |w 2016-12-01 |y ARXIU | ||
| 999 | |c 54741 |d 54741 | ||